Quiz di cultura generale #36 - Statistics

Statistiche generali
  • Questo quiz è stato fatto 1.040 volte
    1.014 dall'ultimo reset
  • Il punteggio medio è 14 su 20
Statistiche sulle risposte
DOMANDA RISPOSTA % Corretto
Fidanzato di Barbie Ken
96%
Capitale della Norvegia Oslo
92%
Nome del coma causato dall'abuso di alcool Etilico
91%
Le colonne d'Ercole per gli Antichi indicavano la fine del Mar... Mediterraneo
91%
Mostri della mitologia greca con un solo occhio (plurale) Ciclopi
90%
Che tipo di animale ha le sottospecie del Bengala e della Siberia? Tigre
90%
Numero di squadre lombarde in questa serie A (2022/2023) 5/Cinque
89%
Charles DIckens scrisse Oliver.. Twist
89%
Il cognome del pittore Michelangelo Buonarroti
82%
Con quale animale acquatico si chiamava l'erede al trono francese? Delfino
76%
La capitale dello stato in cui si trova Sydney Canberra
75%
In questo anno si svolse il primo festival di Sanremo 1951
69%
Cognome dell'ultimo presidente Usa (prima di Trump) a non fare 2 mandati Bush
61%
Tra i paesi che esistevano all'inizio della seconda guerra mondiale, quale ha perso la percentuale più alta della sua popolazione? Polonia
59%
Strato della Terra che si trova tra il nucleo e la crosta Mantello
58%
Raffaello, nelle stanze vaticane, dipinse quella di Atene Scuola
51%
Fu maestro di Alessandro Magno Aristotele
48%
Moglie italiana dell'ex premier francese Sarkozy Bruni/Carla Bruni
42%
Simbolo dell'ittrio Y
26%
Moglie di Socrate Santippe
10%
Nessun quiz corrispondente trovato
Distribuzione punteggi
Percentuale di utenti per punteggio
Percentile per numero di risposta
I tuoi punteggi nel tempo
Non hai fatto questo quiz dall'ultimo reset